Tokugawa religion : the cultural roots of modern Japan /

Bibliographic Details
Main Author: Bellah, Robert N. (Robert Neelly), 1927-2013
Format: Book
Language:English
Published: New York : London : Free Press ; Collier Macmillan Publishers, 1985.
Edition:First free press pbk. edition
Subjects:
Classic Catalogue: View this record in Classic Catalogue
LEADER 01666nam a2200349 a 4500
001 45744
003 BD-DhAAL
005 20260512150652.0
008 260512t19851957nyu b 001 0 eng
010 |a  85007035  
020 |a 0029024609 
020 |a 9780029024607 
035 |a 969286 
040 |a DLC  |c DLC  |d DLC  |d BD-DhAAL 
043 |a a-ja--- 
050 0 0 |a BL2210  |b .B42 1985 
082 0 0 |a 291.0952  |2 19 
100 1 |a Bellah, Robert N.  |q (Robert Neelly),  |d 1927-2013.  |9 60678 
245 1 0 |a Tokugawa religion :  |b the cultural roots of modern Japan /  |c by Robert N. Bellah. 
246 3 |a Tokugawa religion 
250 |a First free press pbk. edition 
260 |a New York :  |b Free Press ;  |a London :  |b Collier Macmillan Publishers,  |c 1985. 
300 |a xxi, 249 pages ;  |c 21 cm 
504 |a Includes bibliographical references (p. 235-244) and Index. 
526 8 |a AAL 
541 |a Donated by Embassy of Japan in Bangladesh, Read Japan Project 2025, The Tokyo Foundation, supported by The Nippon Foundation.  |e 45744 
651 0 |a Japan  |x Religion  |y 1600-1868.  |9 60679 
651 0 |a Japan  |x Social conditions  |y 1600-1868.  |9 60680 
852 1 |a Ayesha Abed Library  |c General Stacks 
942 |2 ddc  |c BK 
999 |c 47933  |d 47933 
952 |0 0  |1 0  |2 ddc  |4 0  |6 291_095200000000000_BEL  |7 0  |9 79190  |a BRACUL  |b BRACUL  |d 2026-05-12  |e Donated by Embassy of Japan in Bangladesh, Read Japan Project 2025, The Tokyo Foundation, supported by The Nippon Foundation.  |l 0  |o 291.0952 BEL  |p 3010045744  |r 2026-05-12  |t 1  |w 2026-05-12  |y BK  |x Donated copy received from Embassy of Japan in Bangladesh, Read Japan Project 2025, The Tokyo Foundation, supported by The Nippon Foundation on 08 April 2026; $18.95